La nueva imagen del hombre /

Gespeichert in:
Bibliographische Detailangaben
Weitere Verfasser: Bolk, Louis (autor) (autor)
Format: Buch
Sprache:Spanisch
Veröffentlicht: Buenos Aires, Argentina : Rodolfo Alonso, 1971, c1971
Schriftenreihe:(Argumentos Rodolfo Alonso ; 18)
Schlagworte:
Tags: Tag hinzufügen
Keine Tags, Fügen Sie das erste Tag hinzu!

MARC

LEADER 00000nam^a2200000^a^4500
001 000182200
005 20250521000000.0
009 20260310102000.241
037 |a Acervo ITESO - Biblioteca 
041 |a ESP 
082 |a 128.  |b NUE 
245 0 3 |a La nueva imagen del hombre /  |c L. Bolk... [et al.] ; tr. por Amanda Forns de Gioia. 
264 4 |a Buenos Aires, Argentina :  |b Rodolfo Alonso,  |c 1971, c1971 
300 |a 159 p. 
336 |a texto  |b txt  |2 rdacontenido 
337 |a sin mediación  |b n  |2 rdamedio 
338 |a volumen  |b nc  |2 rdasoporte 
440 1 |a (Argumentos Rodolfo Alonso ;  |v 18) 
649 |a XX 
650 |a Hombre -  |x Origen 
650 |a Sexualidad 
650 |a Psicoanálisis 
650 |a Psicología 
650 |a Marxismo 
650 |a Estructuralismo 
650 |a Antropología Filosófica 
650 |a Ciencias Sociales 
700 |a Bolk, Louis  |e (autor) 
910 |a Fondo Armando Suárez Gómez 
920 |a Impresos - Libros 
930 |a Fondos Especiales 
905 |a 111 
901 |a 0700000955  |b IT2  |c ESP  |u 20250521 
902 |a https://opac.biblio.iteso.mx/vufind/Record/000182200